000 00488cam a22001937a 4500
020 _a9057821303 (hd. bd.)
040 _cOHX
082 0 0 _a615 BAC 2003 A055 Or.
245 0 0 _aAquatic arsenic toxicity and treatment /
260 _aLeiden :
_bBackhuys,
_c2003.
300 _axiv, 165 p. :
_bill. (some col.), maps ;
_c25 cm.
650 0 _aArsenic
650 0 _aDrinking water
650 0 _aArsenic
650 0 _aWater
700 1 _aMurphy, Tom
700 1 _aGuo, Jay.
942 _cEK
999 _c15239
_d15239